Страны, начинающиеся на букву Д - Statistics

General Stats
  • This quiz has been taken 2 287 times
  • The average score is 3 of 5
Answer Stats
Страна % Correct
Дания
95%
Доминика
70%
Доминиканская Республика
63%
Демократическая Республика Конго
37%
Джибути
37%
No matching quizzes found
Score Distribution
Percent of People with Each Score
Percentile by Number Answered
Your Score History
You have not taken this quiz